00455nam a22001457a 4500003000500000005001700005008004100022020002300063040001400086082002000100245008300120260007000203300002200273490001400295322820250130121111.0230725b sa ||||| |||| 00| 0 eng d a9781928326205qpbk aRDAc3228 aJ 968.4045 MATI aMatiwane's amaNgwanebAs told by Msebenzi to his kinsman Rev. Albert Hlongwane aBedfortview;bSouth African heritage Publishers (Pty) Ltd.c2020. a48 Pagesc23.5 cm aOur story